Statistiques concernant États des États-Unis

Cliquez ici pour prendre le quiz!

Statistiques générales

  • Ce quiz a été pris 417,539 fois
  • Le résultat moyen est 31 sur 50

Statistiques - réponses

État % Correct
Texas
95%
Californie
95%
Floride
93%
New York
92%
Washington
89%
Alaska
87%
Caroline du Nord
79%
Caroline du Sud
79%
Hawaï
77%
Alabama
75%
Nevada
73%
Nouveau-Mexique
71%
Dakota du Nord
70%
Dakota du Sud
69%
Louisiane
69%
Mississippi
68%
Ohio
67%
Arizona
65%
Colorado
64%
New Jersey
64%
Virginie
63%
Utah
63%
Maine
63%
Arkansas
62%
Géorgie
61%
Oregon
60%
Michigan
59%
Illinois
59%
Kansas
59%
Massachusetts
56%
Wyoming
54%
Idaho
54%
Iowa
54%
Missouri
54%
Montana
53%
Tennessee
52%
Wisconsin
52%
Vermont
52%
Kentucky
51%
Pennsylvanie 
51%
Minnesota
49%
New Hampshire
49%
Nebraska
49%
Oklahoma
47%
Delaware
47%
Connecticut
47%
Indiana
46%
Rhode Island
44%
Maryland
43%
Virginie-Occidentale
42%

Distribution des résultats

Percentile par nombre de réponses

% des personnes avec chaque résultat

Votre développement - résultats

Vous n’avez pas pris ce quiz